Statistiques concernant Culture Générale - Série 1411

Cliquez ici pour prendre le quiz!

Statistiques générales

  • Ce quiz a été pris 60 fois
  • Le résultat moyen est 6 sur 10

Statistiques - réponses

QuestionRéponse% Correct
De quelle série de six films un champion de boxe est-il la vedette ?Rocky
84%
Quel roman d'Émile Zola, sur la lutte des classes, est aussi le nom d'un mois du calendrier républicain ?Germinal
84%
Quelle est la capitale de la Nouvelle-Zélande ?Wellington
82%
Quel titre de noblesse est immédiatement inférieur à celui de comte ?vicomte
77%
Quel acteur français avait le premier rôle dans le film de Luchino Visconti "Le Guépard" ?Alain Delon
75%
Dans quel pays d'Amérique, la Vierge de Guadalupe serait-elle apparue à Juan Diego, en 1531 ?Mexique
56%
Quelle espèce d'animal est le coregone ?poisson
39%
Comment appelle-t-on le fruit du plaqueminier ?kaki
32%
Quel art martial japonais, pouvant se pratiquer avec des armes en bois, signifie : "voix de la paix" ?aïkido
32%
Quel nom spécifique donne-t-on aux poils longs et rudes du porc ?soies
23%

Distribution des résultats

Percentile par nombre de réponses

% des personnes avec chaque résultat

Votre développement - résultats

Vous n’avez pas pris ce quiz